| 000 | 00531nam a2200193Ia 4500 | ||
|---|---|---|---|
| 005 | 20250508152907.0 | ||
| 008 | 008 250505s9999 xx 000 0 eng d | ||
| 037 | _aTextual | ||
| 040 |
_aFEDL _beng _cFEDL |
||
| 041 |
_aeng _2eng |
||
| 084 |
_a371.3, ROB _qFEDL |
||
| 100 | _aRobinson Francis P | ||
| 245 | 0 | _aEffective study | |
| 260 |
_aNew York, USA _bHarperĀ and Brothers Publisher _c1961 |
||
| 300 | _aix,278p. | ||
| 650 | _aTeaching Technique | ||
| 942 |
_cTEXL _h371.3, ROB |
||
| 999 |
_c1339456 _d1339456 |
||